00654nam a2200193Ia 4500008004100000041000800041082001300049100001800062245005400080250001200134260002700146300002700173365001600200500001200216700001800228906003100246999001900277952016400296230718s9999 xx 000 0 und d aeng a537bPUR aPurcell E. M. aElectricity And MagnetismbBerkely Physics Course a2nd ed. bTata Mc-graw Hill Pub. a484dRef 324 G (30003) cRs.b350.00 a324 GEN aPurcell E. M. dB:467303-Jun-2008cPHYb70 c318796d318796 00102ddc3Ref 324 G (30003)4073aCCEPbCCEPd2008-06-24eTbsfPHYg280.00i4673o537pCCEP-BK-30003r2023-07-18 00:00:00t70v350.00w2008-06-03yBKz030003